[Event "Gorges op 29th"]
[Site "Gorges"]
[Date "2019.07.06"]
[Round "3"]
[White "Legastelois, Julien"]
[Black "Valdman, Dmitry"]
[Result "1-0"]
[WhiteElo "1723"]
[BlackElo "1355"]
[PlyCount "53"]
[EventDate "2019.07.05"]
[EventType "swiss"]
[EventRounds "5"]
[EventCountry "FRA"]
[SourceTitle "EXT 2020"]
[Source "ChessBase"]
[SourceDate "2019.10.17"]
[SourceVersion "1"]
[SourceVersionDate "2019.10.17"]
[SourceQuality "1"]

1. d4 Nf6 2. Nc3 d5 3. Bf4 g6 4. Qd2 Bg7 5. h3 0-0 6. Bh6 c5 7. Bxg7 Kxg7 8. Nf3 cxd4 9. Qxd4 Nc6 10. Qh4 Bf5 11. 0-0-0 Qa5 12. Nd4 Nxd4 13. Qxd4 Rfd8 14. g4 e5 15. Qxe5 Re8 16. Qd4 Rac8 17. g5 Rc4 18. gxf6+ Kg8 19. Qxd5 Rxc3 20. bxc3 Qxc3 21. Qb3 Qa1+ 22. Qb1 Rc8 23. Rd8+ Rxd8 24. Qxa1 Rc8 25. Qb2 Rxc2+ 26. Qxc2 Bxc2 27. Kxc2 1-0

[Event "France Railways-ch"]
[Site "Montdidier"]
[Date "2014.09.01"]
[Round "1"]
[White "Laurain, Francis"]
[Black "Legastelois, Julien"]
[Result "0-1"]
[WhiteElo "1797"]
[BlackElo "1720"]
[PlyCount "25"]
[EventDate "2014.09.??"]
[EventType "swiss"]
[EventRounds "5"]
[EventCountry "FRA"]
[SourceTitle "EXT 2015"]
[Source "ChessBase"]
[SourceDate "2014.11.20"]
[SourceVersion "1"]
[SourceVersionDate "2014.11.20"]
[SourceQuality "1"]

1. e4 c6 2. c4 d5 3. cxd5 cxd5 4. exd5 Qxd5 5. d4 Nc6 6. Nf3 e5 7. dxe5 Qxd1+ 8. Kxd1 Bg4 9. Bb5 0-0-0+ 10. Kc2 Bxf3 11. gxf3 Nd4+ 12. Kc3 Nxb5+ 13. Kb3 0-1

[Event "France Railways-ch"]
[Site "Montdidier"]
[Date "2014.09.01"]
[Round "2"]
[White "Pithois, Fabien"]
[Black "Legastelois, Julien"]
[Result "1/2-1/2"]
[WhiteElo "1876"]
[BlackElo "1720"]
[PlyCount "68"]
[EventDate "2014.09.??"]
[EventType "swiss"]
[EventRounds "5"]
[EventCountry "FRA"]
[SourceTitle "EXT 2015"]
[Source "ChessBase"]
[SourceDate "2014.11.20"]
[SourceVersion "1"]
[SourceVersionDate "2014.11.20"]
[SourceQuality "1"]

1. c4 c6 2. Nf3 d5 3. g3 Nf6 4. Bg2 e6 5. 0-0 Be7 6. cxd5 cxd5 7. b3 0-0 8. Bb2 Nc6 9. Nc3 e5 10. d4 e4 11. Ne5 Ng4 12. Nxc6 bxc6 13. h3 Nh6 14. Rc1 f5 15. e3 Nf7 16. Ne2 Bd7 17. Qd2 Rb8 18. Bc3 Bd6 19. h4 g5 20. hxg5 Qxg5 21. Nf4 Nh6 22. Nh3 Qg7 23. Nf4 Ng4 24. Bh3 Nf6 25. Qe2 Bxf4 26. exf4 Be8 27. Qe3 Ng4 28. Bxg4 Qxg4 29. Kg2 Bh5 30. Rh1 Qf3+ 31. Kg1 Qg4 32. Kf1 Qg6 33. Ke1 Bf3 34. Rh2 Rb7 1/2-1/2

[Event "Nantes op 12th"]
[Site "Nantes "]
[Date "2013.12.29"]
[Round "4"]
[White "Otmani, Kamel"]
[Black "Legastelois, Julien"]
[Result "1-0"]
[WhiteElo "2105"]
[BlackElo "1735"]
[PlyCount "63"]
[EventDate "2013.12.27"]
[EventType "swiss"]
[EventRounds "7"]
[EventCountry "FRA"]
[SourceTitle "CBM 158 Extra"]
[Source "ChessBase"]
[SourceDate "2014.02.28"]
[SourceVersion "1"]
[SourceVersionDate "2014.02.28"]
[SourceQuality "1"]

1. e4 c6 2. Nc3 d5 3. Nf3 dxe4 4. Nxe4 Nf6 5. Nxf6+ exf6 6. Be2 Bd6 7. 0-0 0-0 8. d4 Be6 9. Be3 Na6 10. c4 Qc7 11. Qc1 Rad8 12. a3 Qc8 13. b4 Bf5 14. Rd1 Rfe8 15. Ra2 Be4 16. Nd2 Qb8 17. g3 Bf5 18. Nb3 Be4 19. d5 Qc8 20. c5 Bxd5 21. Rxd5 cxd5 22. cxd6 Qxc1+ 23. Nxc1 Rxd6 24. Nb3 Nc7 25. Nd4 g6 26. Rc2 Ne6 27. Bb5 Nxd4 28. Bxd4 Re1+ 29. Kg2 Kg7 30. Bxa7 d4 31. Rd2 b6 32. Bb8 1-0

[Event "Agneaux St Lo op-B 08th"]
[Site "Agneaux"]
[Date "2004.02.14"]
[Round "1"]
[White "De Jong, Arjen"]
[Black "Legastelois, Julien"]
[Result "1-0"]
[WhiteElo "1760"]
[BlackElo "1610"]
[PlyCount "67"]
[EventDate "2004.02.14"]
[EventType "swiss"]
[EventRounds "7"]
[EventCountry "FRA"]
[SourceTitle "EXT 2005"]
[Source "ChessBase"]
[SourceDate "2004.11.15"]
[SourceVersion "1"]
[SourceVersionDate "2004.11.15"]
[SourceQuality "1"]

1. e4 d6 2. d4 Nf6 3. Nc3 g6 4. Nf3 Bg7 5. Be2 Nc6 6. 0-0 Bg4 7. h3 Bd7 8. Be3 e5 9. d5 Nb8 10. Qd2 h5 11. Nh2 c6 12. f3 cxd5 13. Nxd5 Nxd5 14. Qxd5 Bc6 15. Qb3 0-0 16. Rad1 Qe7 17. Rd2 Nd7 18. Rfd1 Nc5 19. Qa3 f5 20. Rxd6 Ne6 21. Bc4 Rf6 22. Bg5 Kh7 23. Bxf6 Qxf6 24. Bxe6 Qg5 25. exf5 gxf5 26. Qd3 e4 27. fxe4 Bxe4 28. Qe2 Rf8 29. Nf3 Qg3 30. Rd8 Rf6 31. Bg8+ Kg6 32. Qe3 Bh6 33. Qf2 Qc7 34. R1d7 1-0